| 000 | 01576cam a2200457 a 4500 | ||
|---|---|---|---|
| 001 | 20462 | ||
| 003 | VRT | ||
| 005 | 20260122143414.0 | ||
| 008 | 240226s1999 xo gr 000 j slo | ||
| 015 | _aSNBA2004/03-02110 | ||
| 020 | _a8088834414 | ||
| 035 | _aSNK000406356 | ||
| 035 | _aurn:nbn:sk:snk-am3iwjh | ||
| 035 | _aD34CD1E9-011D-4ED5-8A4F-09B88271E79D | ||
| 035 | _aurn:nbn:sk:snk-am00g55r | ||
| 039 | 9 |
_a202402261817 _bVLOAD _c202205130747 _dmsnk115 _c202205110851 _dVLOAD _c202201070905 _dVLOAD |
|
| 040 |
_aSNK _bslo _cSNK _eAACR2 |
||
| 041 | 0 | _aslo | |
| 044 |
_axo _cSK |
||
| 072 | 7 |
_a821.162.4-3 _xSlovenská próza _2konspekt |
|
| 080 |
_a821.162.4-32 _22011 |
||
| 100 | 1 |
_aKalinčiak, Ján, _d1822-1871 _4aut |
|
| 245 | 1 | 0 |
_aReštavrácia ; _bPúť lásky _cJán Kalinčiak |
| 250 | _a[1. vydanie] | ||
| 260 |
_aRohovce _bInterpopulart Slovakia _c[1999] |
||
| 300 |
_a121 strán _c21 cm |
||
| 490 | 1 | _aPopulart. Slovenská romantická literatúra | |
| 490 | 1 |
_aŠtudentská knižnica _v42. |
|
| 500 | _aDokument obsahuje 2 diela | ||
| 655 | 7 |
_aslovenské poviedky _2SNKPH |
|
| 740 | 0 | 2 | _aPúť lásky |
| 830 | 0 |
_aPopulart _pSlovenská romantická litaratúra |
|
| 830 | 0 | _aŠtudentská knižnica | |
| 910 | _asnk | ||
| 942 |
_2ddc _cKLDO _n0 |
||
| 949 |
_6270001000041373 _asvkbbA 94676 _p612.584 |
||
| 949 |
_6270001000042725 _asvkbbA 94676 _p612.583 |
||
| 949 |
_6270001000066131 _asvkbbA 94676 _p613.250 |
||
| 949 |
_617A1525880 _asnkSC 111089 D1 _bsnk2023/6450 _o118/23 - em |
||
| 949 |
_617A0378275 _asnkSC 111089 _bsnkKSP 3919/2003 _s6100:20210419 |
||
| 999 |
_c20462 _d20462 |
||